Feminismo y derecho : (Record no. 195480)

MARC details
000 -LEADER
campo de control de longitud fija 01493nam a2200349 i 4500
001 - NÚMERO DE CONTROL
campo de control 195480
003 - IDENTIFICADOR DE NÚMERO DE CONTROL
campo de control ES-MaACL
005 - FECHA Y HORA DE LA ÚLTIMA TRANSACCIÓN
campo de control 20250819170109.0
008 - DATOS DE LONGITUD FIJA--INFORMACIÓN GENERAL
campo de control de longitud fija 240617b2014 sp ||||| |||| 00| 0 spa d
020 ## - NÚMERO INTERNACIONAL ESTÁNDAR DEL LIBRO
Número Internacional Estándar del Libro 9786078062409
040 ## - FUENTE DE CATALOGACIÓN
Lengua de catalogación spa
Centro/agencia transcriptor ES-MaACL
245 ## - MENCIÓN DEL TÍTULO
Título Feminismo y derecho :
Resto del título diversas perspectivas del derecho, del género y la igualdad /
Mención de responsabilidad, etc. Alejandro Rosillo Martínez, Urenda Queletzú Navarro Sánchez, Guillermo Luévano Bustamante (coordinadores)
250 ## - MENCION DE EDICION
Mención de edición Primera edición: 2014
260 ## - PUBLICACIÓN, DISTRIBUCIÓN, ETC.
Lugar de publicación, distribución, etc. México :
Nombre del editor, distribuidor, etc. Universidad Autónoma de San Luis Potosí,
Fecha de publicación, distribución, etc. 2014.
300 ## - DESCRIPCIÓN FÍSICA
Extensión 218 páginas ;
Dimensiones 21 cm
336 ## - TIPO DE CONTENIDO
Fuente rdacontent
Término de tipo de contenido texto
337 ## - TIPO DE MEDIO
Fuente rdamedia
Nombre/término del tipo de medio sin mediación
338 ## - TIPO DE SOPORTE
Fuente rdacarrier
Nombre/término del tipo de soporte volumen
650 #7 - PUNTO DE ACCESO ADICIONAL DE MATERIA--TÉRMINO DE MATERIA
Término de materia o nombre geográfico como elemento de entrada Feminismo
Fuente del encabezamiento o término embne
9 (RLIN) 12744
650 #7 - PUNTO DE ACCESO ADICIONAL DE MATERIA--TÉRMINO DE MATERIA
Término de materia o nombre geográfico como elemento de entrada Derecho
Fuente del encabezamiento o término embne
9 (RLIN) 11602
700 ## - ENTRADA AGREGADA--NOMBRE PERSONAL
Nombre de persona Rosillo Martínez, Alejandro
Término indicativo de función/relación Editor
9 (RLIN) 238796
700 ## - ENTRADA AGREGADA--NOMBRE PERSONAL
Nombre de persona Navarro Sánchez, Urenda Queletzú
Término indicativo de función/relación Editor
9 (RLIN) 238797
700 ## - ENTRADA AGREGADA--NOMBRE PERSONAL
Nombre de persona Luévano Bustamante, Guillermo
Término indicativo de función/relación Editor
9 (RLIN) 238798
852 ## - LOCALIZACIÓN
Ubicación ES-MaACL
Ubicación en estantería Depósito J
Número de control de estantería N-10006
Anotaciones manuscritas Dedicatoria autógrafa de María Teresa Ayllón Trujillo
Donativo/Legado Donación: María Teresa Ayllón Trujillo
Encuadernación Encuadernación rústica
itemnumber 206152
903 ## - NOMBRE PERSONAL DE DONANTE
9 176548
a Ayllón Trujillo, María Teresa
e Donante
942 ## - ELEMENTOS DE ENTRADA SECUNDARIOS (KOHA)
Tipo de ítem Koha Libro impreso
Suprimir en OPAC No
Holdings
Estatus retirado Estado de pérdida Fuente del sistema de clasificación o colocación Estado de daño No para préstamo Colección Biblioteca de origen Biblioteca actual Ubicación en estantería Fecha de adquisición Fuente de adquisición Total de préstamos Signatura topográfica completa Código de barras Visto por última vez Precio de reemplazo Tipo de ítem Koha
    Clasificación decimal universal     Libros con dedicatorias Biblioteca del Ateneo de Madrid Biblioteca del Ateneo de Madrid Depósito J 07/07/2025 Donación   N-10006 2025-0545 07/07/2025 07/07/2025 Libro impreso